Guess the Famous People from their Eyes #14 - Statistics

General Stats
  • This quiz has been taken 261 times
  • The average score is 3 of 16
Answer Stats
Picture Answer % Correct
Olivia Rodrigo
58%
Matthew McConaughey
52%
Jason Derulo
39%
Julie Andrews
37%
Jessica Simpson
32%
Kate Moss
27%
Tina Turner
25%
Jet Li
13%
Anne-Marie
10%
Josh Groban
10%
Richard Pryor
10%
Abigail Breslin
9%
Andrew Lloyd Webber
6%
Jon Cryer
5%
Whitney Cummings
4%
Yuri Gagarin
4%
No matching quizzes found
Score Distribution
Percent of People with Each Score
Percentile by Number Answered
Your Score History
You have not taken this quiz